000
00294nam a2200121Ia 4500
008
190216s9999||||xx |||||||||||||| ||und||
100
_a
Deshpande J V
245
0
_a
Mathematical Analysis And Applications
260
_b
Narosa Pubs House
300
_a
341
650
_a
Mathematics
942
_c
BK
999
_c
32179
_d
32179